000
00324nam a22001337a 4500
008
250311b |||||||| |||| 00| 0 eng d
020
_a
9783527314652
050
_a
QD549
_b
.T33
100
_a
Tadros Tharwat F.
245
_a
Collids in Agrocheicals
260
_a
Weinheim
_b
Wiley-VCH
_c
2009
300
_a
XVI,284P
942
_c
BK
999
_c
2221
_d
2221